000 00813nam a2200241Ia 4500
003 OSt
005 20220923212057.0
006 a|||||r|||| 00| 0
007 ta
008 220922b |||||||| |||| 00| 0 hin d
024 _a150,567
037 _cTextual
040 _aARTS
_cARTS
_bhin
041 _2hin
_ahin
082 _aE, 152N4
100 _aश्रीवास्तव, गोपी नाथ
_9157386
245 0 _aदैनिक जीवन में रसायन विज्ञान
246 _aDainik jīvan mean rasāyan vijnyāna
260 _aदिल्ली
_b सामायिक प्रकाशन
_c1994
300 _a107 पृ.
_ccm.
942 _hE, 152N4
_cTEXL
_2CC
999 _c306247
_d306247